Chansons de Ninho - Album Jefe - Statistiques

Statistiques générales
  • Ce quiz a été pris 58 fois
  • Le résultat moyen est 10 sur 15
Statistiques - réponses
Ordre dans l'album Chansons % Correct
02 Jefe
98%
03 VVS
92%
15 Outro
82%
01 Intro
80%
07 Vérité
78%
04 Sky Priority
71%
14 La maison que je voulais
69%
13 Athéna
67%
11 Aïcha
63%
12 Mood
59%
05 OG
59%
09 RER D
59%
10 YSL
55%
06 Arme de poing
45%
08 No Life
43%
Aucun quiz correspondant
Distribution des résultats
% des personnes avec chaque résultat
Percentile par nombre de réponses
Votre historique - résultats
Vous n’avez pas pris ce quiz